[Event "Wichern op 5th"]
[Site "Hamburg"]
[Date "1999.10.19"]
[Round "6.9"]
[White "Jansa, Vlastimil"]
[Black "Lerner, Konstantin Z"]
[Result "1-0"]
[WhiteElo "2442"]
[BlackElo "2588"]
[Annotator "Jansa,V"]
[PlyCount "61"]
[EventDate "1999.10.15"]
[EventType "swiss"]
[EventRounds "9"]
[EventCountry "GER"]
[SourceTitle "EXT 2001"]
[Source "ChessBase"]
[SourceDate "2000.11.22"]
[SourceVersion "1"]
[SourceVersionDate "2000.11.22"]
[SourceQuality "1"]

1. e4 c5 2. Nf3 d6 3. d4 cxd4 4. Nxd4 Nf6 5. Nc3 a6 {Ich war überrascht,denn
Lerner spielt fast immer 5...Sc6} 6. Be2 e6 7. O-O Be7 8. a4 Nc6 9. Be3 O-O 10.
f4 Qc7 11. Kh1 Re8 12. Bd3 Nxd4 $146 {zweifelhaft, Dieses Tauschmanöver
funktioniert in dieser Stellung nicht.} (12... Nb4 $142 13. a5 Bd7 14. Nf3 {
Anand,V-Kasparov,G/PCA-WM (Runden 3,5,7 jeweils 1/2:1/2) 1995}) 13. Bxd4 e5 14.
Be3 exf4 15. Rxf4 {Die Pointe, weil der Ld3 sehr stark steht.} Be6 16. Nd5 $1 {
[%mdl 128]} Bxd5 17. exd5 Bd8 $6 (17... g6 18. Qf3 Nd7 19. Bd4 $16) 18. Bd4 h6
19. c4 ({genauer als} 19. Qf3 Qa5) 19... a5 {schlecht, aber was sonst. Schwarz
ist ohne Gegenspiel.} 20. Qf3 Rc8 21. Rf1 Re5 22. b3 $1 {[%mdl 2048] Weiß kann
warten.} Be7 23. Qf2 Bd8 24. Bf5 Ra8 25. Bb1 Kf8 26. Qg3 (26. Bxe5 dxe5 27. Rf5
{ist auch ok}) 26... Rg5 27. Qh3 Re5 28. Bxe5 dxe5 29. Rf5 Qd6 30. Qe3 Bc7 31.
c5 (31. c5 Qxd5 32. Rxf6 gxf6 33. Qxh6+ Ke7 34. Qxf6+ Kd7 35. Bf5+ Ke8 36. Qh8+
Ke7 37. Qxa8) 1-0

[Event "World U16-ch03"]
[Site "Cagnes sur Mer"]
[Date "1977.09.15"]
[Round "8.1"]
[White "Arnason, Jon Loftur"]
[Black "Kasparov, Garry"]
[Result "0-1"]
[WhiteElo "2440"]
[BlackElo "2323"]
[Annotator "Kasparov,G/Primel,D"]
[PlyCount "80"]
[EventDate "1977.09.08"]
[EventType "swiss"]
[EventRounds "11"]
[EventCountry "FRA"]
[SourceTitle "EXT 2015"]
[Source "ChessBase"]
[SourceDate "2014.11.20"]
[SourceVersion "1"]
[SourceVersionDate "2014.11.20"]
[SourceQuality "1"]
[TimeControl "40/9000:16/5400:0"]

{[%evp 0,80,29,40,46,49,46,37,54,43,22,21,87,41,63,34,58,38,58,43,40,34,47,28,
40,12,29,26,39,0,8,19,8,-12,0,-28,-16,-3,0,-23,-27,-23,-43,-56,-46,-69,-46,-67,
-68,-57,-53,-63,-54,-50,-55,-55,-36,-154,-174,-120,-140,-150,-142,-158,-164,
-158,-125,-128,-148,-200,-162,-195,-208,-223,-228,-228,-228,-226,-232,-221,
-221,-246,-238]} 1. e4 c5 {[%emt 2:30:00] Une partie importante pour le russe
qui joue contre le leader du tournoi et il préfère opter pour une sicilienne
plutôt qu'une Caro-Kann qui était son répertoire habituel а l'époque} 2. Nf3 e6
{The shedule for this swiss event was very demanding: A round in the evening,
completion of adjourned games the following morning,the next round in the
evening and so on throughout the tournament without a single free day (
Kasparov Part 1 1975 1985 p 84)} 3. d4 cxd4 4. Nxd4 Nf6 5. Nc3 d6 {[%emt 2:29:
00]} 6. Be2 a6 7. a4 Nc6 8. Be3 Be7 9. O-O O-O 10. f4 Qc7 11. Kh1 Rd8 {[%emt 2:
23:00]} (11... Re8 {La ligne moderne}) (11... Bd7 $142 {Yudovich: Plus souple})
12. Qe1 (12. Bd3 Nxd4 13. Bxd4 e5 14. Be3 exf4 15. Rxf4 Be6 16. Nd5 $14) 12...
Nxd4 (12... Na5 13. Rd1 Nc4 14. Bc1 Bd7 15. b3 Na5 16. Bb2 Nc6 17. Bf3 Nxd4 18.
Rxd4 Bc6 19. Rd2 Rac8 20. Qe3 b5 21. axb5 axb5 22. Ne2 b4 23. Nd4 Qb6 24. Re1
Bb7 25. Nf5 Qxe3 26. Nxe7+ Kf8 27. Rxe3 Kxe7 28. h3 Ne8 29. Red3 Ba6 30. Rd4
Rb8 31. e5 d5 32. Rxb4 Nc7 33. Rxb8 Rxb8 34. Ba3+ Kd7 35. Rd1 Nb5 36. Bb2 Rc8
37. c4 Nc7 38. cxd5 Nxd5 39. Bxd5 exd5 40. Rxd5+ Ke8 41. Rd6 Bf1 42. Kg1 {
Yanofsky, D-Kotov,A Saltsjobaden 1948 1/2-1/2}) 13. Bxd4 e5 14. fxe5 $146 (14.
Be3 exf4 15. Bxf4 Be6 16. Qg3 Ne8 17. Bh6 Kf8 18. Be3 Bf6 19. Bd3 Kg8 20. Nd5
Bxd5 21. exd5 g6 22. a5 Bxb2 23. Bb6 Qc8 24. Rae1 Be5 25. Rxe5 dxe5 26. Qxe5
Qd7 27. Bxd8 Rxd8 28. c4 Rc8 29. h3 Rc5 30. Re1 Nd6 31. Qf6 Rxa5 32. Re7 Qd8
33. h4 Ra1+ 34. Kh2 {0-1 (34) Klovans,J-Ornstein,A Polanica Zdroj 1975}) (14.
Bg1 $5 exf4 15. a5 {[%csl Gb6]} Re8 {Illustrant le problème de jouer Rd8} 16.
Bb6) 14... dxe5 15. Be3 Be6 $11 {[%emt 2:17:00]} 16. Qg3 Qa5 {[%emt 1:56:00]
Le russe est sorti de sa préparation et il commence à réfléchir} 17. Rad1 (
17. Bh6 Ne8) (17. Bg5 Kf8 (17... Rac8 18. Bxf6 Bxf6 19. Rxf6) (17... Kh8 18.
Bxf6 Bxf6 19. Rxf6 gxf6 20. Qh4 Rg8 21. Qxf6+ Rg7 22. Rf1 Rag8 $13) 18. Bxf6
Bxf6 19. Rxf6 $5 gxf6 20. Qf3 $44) 17... Rxd1 $1 {[%emt 1:44:00]} 18. Rxd1 Rd8
19. Rxd8+ Bxd8 20. Bh6 g6 {[%emt 1:35:00]} 21. h3 Bb6 {[%emt 1:31:00]} 22. Be3
Bd4 $1 {[%emt 1:24:00] En cas d'échange des B de cases Noires, les Noirs
auront une très bonne finale avec un bon B} 23. Qf2 Bxe3 {[%csl Re2,Ge6]} 24.
Qxe3 Qb4 25. b3 Qd4 $1 $17 {[%csl Rc2,Rc3]} 26. Qd3 Kg7 {[%csl Gg7,Rh1] Les
Noirs ont le temps d'améliorer la position alors que les pièces Blanches
sont très mal placées} 27. Bf1 Nh5 $36 {[%csl Rc3,Rh1,Gh5] Le Nc3 est
hors-jeu pour défendre l'aile-roi} (27... Qf2 $5) 28. Qf3 Qd2 29. Qd3 Qf2 30.
Kh2 Nf4 31. Qf3 Qxc2 32. Nd5 Bxd5 33. exd5 Qd2 34. Bc4 f5 35. Qg3 h6 36. d6
Qxd6 37. Qc3 Nh5 38. Be2 Nf6 39. Qc8 e4+ 40. Kh1 Qe7 {Après ce gain contre le
leader, G KASPAROV revient а égalité avec ARNASON et WHITEHEAD avec 6,5/8} 0-1

[Event "RUS-Cup2"]
[Site "Moscow"]
[Date "1996.??.??"]
[Round "6"]
[White "Beshukov, Sergei"]
[Black "Sokolov, Andrei"]
[Result "0-1"]
[WhiteElo "2460"]
[BlackElo "2585"]
[Annotator "Kharitonov,A"]
[PlyCount "86"]
[EventDate "1996.11.28"]
[EventType "swiss"]
[EventRounds "9"]
[EventCountry "RUS"]
[SourceTitle "CBM 056 Extra"]
[Source "ChessBase"]
[SourceDate "1997.03.01"]
[SourceVersion "1"]
[SourceVersionDate "1997.03.01"]
[SourceQuality "1"]

1. e4 c5 2. Nf3 d6 3. d4 cxd4 4. Nxd4 Nf6 5. Nc3 e6 6. Be3 a6 7. Be2 Be7 8. a4
Nc6 9. O-O O-O 10. f4 Re8 11. Kh1 Qc7 12. Bf3 (12. Nb3 b6 13. Qe1 Bb7 14. Qf2
Nd7 15. Rad1 Bf8 $5 16. e5 dxe5 17. f5 Nd8 18. Bg4 Nf6 19. Bh3 Ne4 20. Nxe4
Bxe4 21. fxe6 fxe6 $13 {Klovans,Y-Nisipeanu,L.-D./Gelsenkirchen/1995/0:1/55/})
(12. Qd2 Bd7 13. Rad1 Rad8 $5 14. Nb3 Bc8 15. Bf3 b6 16. Qf2 Nd7 17. Nd4 Bb7
18. Bh5 Rf8 $13 {Anand,V-Kasparov,G/New York/1995/0.5/27/}) 12... Rb8 (12...
Na5 13. Bg1 Bf8 14. Qe1 Rb8 15. h3 Nd7 16. Bh2 Nc6 17. Rd1 Nxd4 18. Rxd4 b5 $13
{Kasparov,G-Topalov,V/Dos Hermanas/1996/0.5/48/}) (12... Bd7 13. Nb3 b6 (13...
Na5 14. Nxa5 Qxa5 15. Qd3 Rad8 16. Rfd1 Bc6 17. b4 Qc7 18. b5 Bd7 $13 {Anand,
V-Kasparov,G/New York/1995/1:0/35/}) 14. g4 Bc8 15. g5 Nd7 16. Bg2 Rb8 17. Rf3
Bf8 (17... g6 $5 18. Rh3 Nb4) 18. Qe1 g6 19. Qh4 Bg7 20. Rh3 Nf8 21. Rf1 Na5
22. f5 $1 exf5 23. Nd5 $40 {Vasiesiu,D-Bondoc,D/ROM-ch/1996/1:0/36/}) 13. g4 (
13. Qd2 Bd7 14. Nb3 b6 15. g4 Bc8 16. g5 Nd7 17. Bg2 Bf8 18. Rf3 g6 19. Raf1
Bg7 {Mortensen,B-Maksimenko,A/Kobenhavn/1995/1:0/38/} (19... b5 $5 $13)) 13...
Nd7 (13... Nxd4 14. Bxd4 b6 15. g5 Nd7 16. Bg2 Bb7 17. Qh5 g6 18. Qh3 Bf8 19.
f5 Ne5 20. Rf4 $16 {Tiviakov,S-Akopian,V/Linares/1995/0.5/54/}) 14. g5 Bf8 15.
Bg2 g6 $5 {N/} (15... Na5 16. Rf3 Nc4 17. Bc1 e5 18. Nf5 exf4 19. Bxf4 $36 {
Gluzman,M-Arbakov,V/Sibenik/1990/}) 16. Qe1 b6 $5 17. Nxc6 (17. Qh4 $5) 17...
Qxc6 18. Bd4 $5 (18. e5 $6 Qc7 19. exd6 Bxd6 20. Ne4 Be7 21. c3 Bb7 22. Bd4
Bxe4 $5 23. Qxe4 Bc5 $15) (18. Qh4 $5 $13) 18... Bb7 19. Qh4 Qc4 20. Rad1 e5 $1
21. b3 Qc7 22. fxe5 Nxe5 $15 (22... dxe5 $2 23. Rxf7 Kxf7 24. Qxh7+ $18) 23.
Rf4 $6 (23. Qg3 {/\Rd2,Rfd1}) 23... Bg7 24. Qf2 Bc6 25. Rf1 Rf8 26. Rf6 $2 (26.
Nd1 $5 b5 27. axb5 axb5 28. Ne3 Qe7 (28... Nd3 29. cxd3 Bxd4 30. Qg3 $5 Be5 31.
Ng4 Bxf4 32. Qxf4 $36) 29. h4 $15) 26... Ng4 27. Qf4 Nxf6 28. gxf6 Bh8 29. Ne2
Rfe8 30. Ng3 Re5 $5 {/\Rbe8-e6} 31. Bxe5 dxe5 32. Qh4 $6 (32. Qg5 $5 Re8 33.
Nf5 h5 $1 $8 (33... Re6 34. Ne7+ Kf8 35. Qh6+ Ke8 36. Qxh7 Bxf6 37. Ng8 $13)
34. Ne7+ Kh7 {/\35...Bf6 36.Rf6 Qe7} 35. Nd5 (35. Nxc6 Qxc6 {/\Re6-/+}) 35...
Bxd5 36. exd5 Qxc2 $17) 32... Qd6 33. Qg5 Bd7 $1 34. h4 b5 $17 35. h5 $2 (35.
axb5 axb5 36. h5 Rb6 37. hxg6 hxg6 38. Nh5 $17) 35... bxa4 36. hxg6 hxg6 37.
bxa4 Rb6 38. Nh5 Rc6 $5 (38... Bxa4 $19) 39. Rf3 (39. Rf2 Qd1+ $19) 39... Rxc2
$19 40. Qg3 Rd2 41. a5 Qd4 42. Rb3 Bg4 $1 43. Qxg4 Qe3 0-1

[Event "URS-ch51 First League"]
[Site "Tallinn"]
[Date "1983.12.??"]
[Round "?"]
[White "Yurtaev, Leonid"]
[Black "Psakhis, Lev"]
[Result "0-1"]
[WhiteElo "2360"]
[BlackElo "2580"]
[Annotator "Kharitonov,A"]
[PlyCount "84"]
[EventDate "1983.12.??"]
[EventType "tourn"]
[EventRounds "17"]
[EventCountry "URS"]
[EventCategory "9"]
[SourceTitle "MCL"]
[Source "ChessBase"]
[SourceDate "1999.07.01"]
[SourceVersion "1"]
[SourceVersionDate "1999.07.01"]
[SourceQuality "1"]

1. e4 c5 2. Nf3 d6 3. d4 cxd4 4. Nxd4 Nf6 5. Nc3 e6 6. f4 a6 7. a4 Be7 8. Be2
O-O 9. O-O Qc7 10. Be3 (10. Kh1 b6 11. Rf3 $5 (11. Bf3 Bb7 12. e5 dxe5 13. fxe5
Nfd7 14. Bxb7 Qxb7 15. Bf4 Nc6 16. Qf3 Rac8 17. Rad1 Nc5 $6 (17... Kh8 $5 18.
Rf2 Nc5 19. Nxc6 Qxc6 $1 20. Qxc6 Rxc6 21. b4 Nb7 22. Na2 (22. Rd7 Bxb4 23. Na2
Bc5 $19) 22... Rd8 $17 {Lukin,A-Yudasin,L/URS(ch)/1991/0:1 (36)}) 18. Nxc6 Rxc6
19. b4 Nd7 20. Ne4 Bxb4 21. Rxd7 Qxd7 22. Nf6+ gxf6 23. Bh6 $40 {Malisauskas,
V-Yudasin,L/URS(ch 1L)/1987/1:0 (39)}) 11... Bb7 12. Bd3 Nc6 (12... Nbd7 $142)
13. Nxc6 Bxc6 14. Qe2 Qb7 15. Rg3 $36 {Smagin,S-Kharitonov,A/Protvino/1988/0,5
(42)}) 10... b6 11. Bf3 Bb7 12. g4 (12. e5 $6 dxe5 13. fxe5 Nfd7) 12... Nfd7 $2
(12... Nc6 $142 13. g5 Nd7) 13. g5 $2 (13. f5 $1 e5 (13... exf5 14. exf5 $16)
14. Nde2 $16) 13... Nc6 14. Nde2 (14. Bg2 Nxd4 15. Qxd4 e5 16. Qd2 exf4 17.
Bxf4 Ne5 $15) (14. Nb3 Rfe8 15. Bg2 Bf8 16. Rf3 g6 17. Rh3 Bg7 $13) 14... Rfe8
15. Bg2 Bf8 16. Rf3 $6 (16. Qd2 $5) (16. Ng3 $5) 16... Nb4 $1 17. Rh3 g6 18.
Ra3 $2 (18. Rc1 $5 Bg7 19. Qe1 Rab8 20. Qh4 Nf8 $13) 18... Rac8 19. Nd4 Bg7 (
19... e5 20. Nde2 exf4 21. Nxf4 $13) 20. Rb3 $2 (20. Qd2 $142) 20... Nc6 21.
Nxc6 Bxc6 22. Qe1 Nc5 $17 23. Rb4 $2 f5 $1 24. Qh4 (24. gxf6 Bxf6 $17) (24.
exf5 Bxg2 25. Kxg2 exf5 26. Nd5 Qc6 27. Qd1 Nxa4 28. c4 b5 $17) 24... Bxc3 25.
bxc3 Bxe4 26. Rxb6 Re7 $19 (26... Qxb6 $2 27. Qxh7+ Kf8 28. Qh8+ Ke7 29. Rh7+
Kd8 30. Qf6+ $18) 27. a5 (27. Bxe4 Nxe4 28. Bd4 e5 $19) 27... Bxg2 28. Kxg2 Na4
$1 29. Bf2 (29. Rxa6 Qb7+ $19) 29... Nxb6 30. axb6 Qc6+ 31. Kg1 a5 32. Bd4 a4
33. Qe1 e5 34. Re3 Rce8 35. Re2 a3 36. fxe5 dxe5 37. Bf2 (37. Bxe5 Qc5+ 38. Bd4
Rxe2 39. Qxe2 Qxd4+ $19) 37... e4 38. Bd4 a2 39. Qa1 Qc4 40. Re1 e3 41. Qb2 f4
42. b7 f3 (42... f3 43. Rxe3 Rxe3 44. Bxe3 Qg4+ $19) 0-1

[Event "ARG-ch"]
[Site "Buenos Aires"]
[Date "1998.04.27"]
[Round "11"]
[White "Gomez Baillo, Jorge H"]
[Black "Ricardi, Pablo"]
[Result "1-0"]
[WhiteElo "2440"]
[BlackElo "2555"]
[Annotator "King,D"]
[PlyCount "65"]
[EventDate "1998.04.15"]
[EventType "tourn"]
[EventRounds "15"]
[EventCountry "ARG"]
[EventCategory "9"]
[SourceTitle "CBM 065"]
[Source "ChessBase"]
[SourceDate "1998.08.06"]
[SourceVersion "1"]
[SourceVersionDate "1998.08.06"]
[SourceQuality "1"]

1. e4 {Petursson} c5 2. Nf3 d6 3. d4 cxd4 4. Nxd4 Nf6 5. Nc3 a6 6. Be2 e6 7.
O-O Be7 8. f4 O-O 9. Be3 Qc7 10. a4 Nc6 11. Kh1 Re8 12. Bg1 Bd7 13. Qd3 Rac8
14. Qg3 Bf8 15. Rad1 Kh8 $2 {Rather too careful. Black finds himself in
serious trouble as f7 is too vulnerable.} (15... d5 16. e5 Ne4 17. Nxe4 dxe4
$13) 16. Nf3 $1 $16 {White puts his finger on the problem. he prepares e5
followed by Ng5 ganging up on f7.} e5 (16... Nb4 17. e5 Nfd5 18. Ng5 Kg8 (18...
Bc6 19. Nxd5 Nxd5 20. c4 $18) 19. Nge4 dxe5 20. fxe5 Red8 21. Nxd5 Nxd5 22. c4
{for example, is great for White, and there were other options.}) 17. Ng5 Nd8
18. fxe5 dxe5 19. Rxf6 gxf6 20. Nxh7 Kxh7 (20... Bg7 {Petursson} 21. Qh4 $18) (
20... Be7 {Petursson} 21. Nd5 Qc6 22. Qh4 Kg7 23. Rd3 $18) 21. Qh4+ Kg8 (21...
Kg7 22. Rd3 {is even worse.}) 22. Nd5 Qd6 23. Nxf6+ Qxf6 24. Qxf6 Bg7 25. Qh4
Bxa4 26. Bg4 Ne6 27. b3 Bc6 28. Bf5 Kf8 29. Bb6 Re7 30. Ba5 Ke8 31. Bb4 Rec7
32. Bxe6 fxe6 33. Qh7 1-0

[Event "Altensteig"]
[Site "Altensteig"]
[Date "1995.??.??"]
[Round "5"]
[White "Slobodjan, Roman"]
[Black "Wojtkiewicz, Aleksander"]
[Result "1/2-1/2"]
[WhiteElo "2500"]
[BlackElo "2570"]
[Annotator "King,D"]
[PlyCount "150"]
[EventDate "1995.08.??"]
[EventType "tourn"]
[EventRounds "11"]
[EventCountry "GER"]
[EventCategory "12"]
[SourceTitle "CBM 049"]
[Source "ChessBase"]
[SourceDate "1995.12.01"]
[SourceVersion "1"]
[SourceVersionDate "1995.12.01"]
[SourceQuality "1"]

1. e4 c5 2. Nf3 d6 3. d4 Nf6 4. Nc3 cxd4 5. Nxd4 a6 6. Be2 e6 7. O-O Be7 8. a4
Nc6 9. Be3 O-O 10. f4 Re8 11. Kh1 Qc7 12. Nb3 b6 13. Bf3 Bb7 14. Qe1 Na5 15.
Nxa5 bxa5 16. Rd1 Rab8 17. Ba7 Ra8 18. Bd4 e5 19. Be3 Rab8 20. Qg3 Ba8 21. fxe5
dxe5 22. Nd5 Bxd5 23. exd5 Bf8 24. Bg5 Rb6 25. c4 Qxc4 26. b3 Qb4 27. Bd2 Qd6
28. Be2 Qb8 29. Bc4 Bb4 30. Be3 Rd6 31. Rf5 Nd7 32. Rdf1 f6 33. h4 Kh8 34. h5
Rf8 35. Qg4 Bc5 36. Bd2 Bb4 37. Be3 Qe8 38. R1f3 Bc5 39. Bd2 Bb4 40. Be3 Rf7
41. Qe4 Bc5 42. Bd2 Bb6 43. g4 Re7 44. Bc3 h6 45. Kg2 Qd8 46. b4 axb4 47. Bxb4
Bc5 48. Bd2 Bd4 49. Bb4 Bc5 50. Bd2 Qg8 51. a5 Re8 52. Rb3 Rc8 53. Rff3 Bd4 54.
Bb4 Nc5 55. Bxc5 Rxc5 56. Bd3 Rc8 57. Rb7 Rcd8 {Black manages to slip out of
this ugly position, but anyway, it is not easy to make the decisive break for
White.} 58. Qg6 (58. Rc7 $5 {/\Rc6/...with the idea Rc6.}) 58... e4 59. Qxe4
Bc5 60. Kh3 Re8 61. Qg6 f5 62. Qxf5 Rf6 63. Rxg7 Qxg7 64. Qxf6 Qxf6 65. Rxf6
Re3+ 66. Kg2 Rxd3 67. Rxh6+ Kg7 68. Rxa6 Rxd5 69. Rg6+ Kf7 70. Kf3 Be7 71. a6
Bf6 72. g5 Bxg5 73. a7 Ra5 74. Rxg5 Rxa7 75. h6 Ra6 1/2-1/2

[Event "POL Supercup"]
[Site "Warsaw"]
[Date "2001.06.23"]
[Round "1"]
[White "Jakubowski, Krzysztof"]
[Black "Dworakowska, Joanna"]
[Result "1/2-1/2"]
[WhiteElo "2357"]
[BlackElo "2360"]
[Annotator "Konikowski,J"]
[PlyCount "98"]
[EventDate "2001.06.23"]
[EventType "team"]
[EventRounds "2"]
[EventCountry "POL"]
[SourceTitle "CBM 084"]
[Source "ChessBase"]
[SourceDate "2001.09.13"]
[SourceVersion "1"]
[SourceVersionDate "2001.09.13"]
[SourceQuality "1"]

1. e4 c5 2. Nf3 d6 3. d4 cxd4 4. Nxd4 Nf6 5. Nc3 a6 6. Be3 e6 7. Be2 Be7 8. f4
O-O 9. O-O Qc7 10. g4 Re8 11. g5 Nfd7 12. f5 Ne5 13. Bd3 $146 {[%mdl 8]} (13.
Qe1 Nbc6 14. Qg3 Bf8 (14... b5 15. f6 Nxd4 16. Bxd4 Bf8 17. a3 Rb8 18. Bd3 g6
19. Ne2 Nxd3 20. cxd3 e5 21. Rac1 Qd7 22. Be3 d5 23. Bc5 dxe4 24. dxe4 Bxc5+
25. Rxc5 Qa7 26. b4 Be6 27. Rf2 $16 {Prandstetter,E-Ftacnik,L/Prague 1985/})
15. Rf2 b5 16. a3 Bb7 17. Raf1 Nxd4 18. Bxd4 exf5 19. Rxf5 g6 20. R5f4 Bg7 21.
Qf2 Re7 22. Rd1 Rae8 23. Bb6 Qd7 24. Bc5 Re6 25. Nd5 Bxd5 26. exd5 R6e7 27. Bb4
Qc7 28. Rf1 Rf8 $13 {Prandstetter,E-Pinter,J/Prague 1985/}) 13... Nbc6 14. Qh5
g6 15. Qh4 Bf8 16. Kh1 b5 17. fxe6 fxe6 18. Nce2 Bg7 19. Nxc6 $2 (19. Rad1 $142
$5) 19... Nxc6 20. Rf3 (20. c3 Ne5 $15) 20... Bxb2 $17 21. Raf1 Ne5 22. R3f2
Bb7 23. Nd4 d5 (23... Nxd3 $2 24. Rf7 Qxf7 (24... Bxe4+ 25. Qxe4 Nc5 26. Qh4
Qxf7 27. Rxf7 Kxf7 28. Qxh7+ Kf8 29. h4 $18) 25. Rxf7 Bxe4+ 26. Qxe4 Kxf7 27.
Qb7+ Kg8 28. cxd3 $18) 24. Rf6 Qd7 25. Qf4 dxe4 (25... Nxd3 26. cxd3 dxe4 (
26... e5 27. Qh4 dxe4 28. Rf7 exd3+ 29. Kg1 Qxf7 30. Rxf7 Kxf7 31. Qxh7+ Kf8
32. Nf5 $18) 27. Rf7 exd3+ 28. Kg1 Qd5 29. Rg7+ Kxg7 30. Qf7+ Kh8 31. Qf6+ $11)
26. Bxb5 axb5 27. Qxe5 Qd5 28. Qxd5 (28. Qc7 Bxd4 29. Rf7 Rac8 30. Qxb7 Qxb7
31. Rxb7 Bxe3 $19) 28... Bxd5 29. Nxb5 Rxa2 $2 {[%mdl 16384]} (29... Be5 $142
$1 $19) 30. Nd6 Rea8 31. c4 Ra1 32. Rxa1 Rxa1+ 33. Kg2 Bc6 $2 (33... Ra6 $142
$1) 34. Rxe6 {[%cal Rd6e4,Re6e4,Gc6e4]} Ra3 35. Kf2 Rc3 36. c5 (36. Nc8 $5 Rc2+
(36... Rxc4 $2 37. Rxc6 Rxc6 38. Ne7+ Kf7 39. Nxc6 $18) 37. Kg3 Re2 (37... Bd7
38. Rxe4 $16) 38. Rxc6 Rxe3+ 39. Kf4 Re2 40. Nd6 $14) 36... Rc2+ 37. Kg3 Ba3 {
[%cal Ra3c5,Rc2c5,Ge3c5]} 38. Ne8 Bxe8 (38... Bb5 $5) 39. Rxe8+ Kf7 40. Rc8 (
40. Re5 $5 $16) 40... Ke6 41. Rc7 (41. Kf4 Kd7 42. Rh8 Bxc5 43. Bxc5 Rxc5 44.
Rxh7+ Kd6 $14 45. h4 Re5 46. Ke3 Ke6 $11) 41... Kd5 {[%cal Ra3c5,Rc2c5,Rd5c5,
Gc7c5,Ge3c5]} 42. Rxh7 Bxc5 43. Bxc5 Rxc5 44. Rg7 Rc6 45. Kf4 Rc2 46. Rd7+ Ke6
47. Rh7 Kd5 48. Rd7+ Ke6 49. Rh7 Kd5 1/2-1/2

[Event "Elbow Beach Club GM-A"]
[Site "Paget Parish"]
[Date "2001.01.23"]
[Round "4"]
[White "Macieja, Bartlomiej"]
[Black "Vescovi, Giovanni P"]
[Result "1/2-1/2"]
[WhiteElo "2578"]
[BlackElo "2519"]
[Annotator "Konikowski,J"]
[PlyCount "41"]
[EventDate "2001.01.20"]
[EventType "tourn"]
[EventRounds "10"]
[EventCountry "BER"]
[EventCategory "13"]
[SourceTitle "CBM 081"]
[Source "ChessBase"]
[SourceDate "2001.03.20"]
[SourceVersion "1"]
[SourceVersionDate "2001.03.20"]
[SourceQuality "1"]

1. e4 c5 2. Nf3 e6 3. d4 cxd4 4. Nxd4 Nc6 5. Nc3 Qc7 6. Be2 a6 7. O-O Nf6 8.
Be3 Be7 9. f4 d6 10. Kh1 O-O 11. Qe1 Ne8 $146 {[%mdl 8]} (11... b5 12. a3 (12.
Nxc6 Qxc6 13. e5 dxe5 14. fxe5 Nd5 15. Bf3 Bb7 16. Rd1 Rfd8 17. Bd4 Qc7 18. Qf2
Rf8 19. Ne4 f5 20. exf6 Nxf6 21. Ng5 Ng4 22. Qh4 Bxg5 23. Qxg4 Bxf3 24. Rxf3
Rxf3 25. gxf3 e5 26. Qxg5 Qc6 27. Rg1 {1-0 Martin del Campo,R-Mendoza,G/
Mendoza 1985/}) 12... Bb7 13. Bd3 (13. Bf3 Rfc8 14. Qg3 Na5 15. Rae1 Nc4 16.
Bc1 Nxa3 17. e5 Bxf3 18. Rxf3 dxe5 19. fxe5 Nxc2 20. Nxc2 b4 21. exf6 Qxg3 22.
hxg3 bxc3 23. fxe7 cxb2 24. Bxb2 Rxc2 25. Rd3 Rcc8 26. Red1 {1-0 Dirksen,
R-Paul,M/Klinge 1993/}) 13... Rfe8 14. Qg3 Bf8 15. e5 dxe5 16. Nxc6 Bxc6 17.
fxe5 Nh5 18. Qg5 g6 19. Bf4 Qb7 20. Rae1 Nxf4 21. Rxf4 Rac8 22. Be4 Be7 23. Qg3
Bxe4 24. Nxe4 Rxc2 25. Qf3 Qc6 26. Rxf7 Rc1 27. Rxc1 Qxc1+ 28. Qf1 Qxb2 29. Nd6
Bxd6 30. exd6 Qxa3 31. d7 Rf8 $4 (31... Rd8 $142) 32. Rxf8+ Qxf8 33. Qxf8+ Kxf8
34. d8=Q+ {1-0 Gouder,A-Kinyanjui/La Valetta 1980/}) (11... e5 12. fxe5 dxe5
13. Qg3 Kh8 14. Nf5 Bxf5 15. Rxf5 Ng8 16. Raf1 f6 17. Nd5 Qd6 18. Rh5 Nd4 19.
Qh3 h6 20. Bxh6 gxh6 21. Rxh6+ Nxh6 22. Qxh6+ Kg8 23. Bc4 Ne6 24. Qg6+ Kh8 25.
Rf3 $18 {1-0 Komliakov,V-Gadjily,R/Nikolaev 1993/}) 12. Qg3 b5 13. Nxc6 Qxc6
14. e5 Bb7 15. Qh3 (15. f5 $5) 15... b4 16. Bd3 f5 17. exf6 Nxf6 18. Ne2 (18.
Qxe6+ $2 Rf7 19. Qh3 bxc3 $19) 18... e5 19. fxe5 dxe5 20. b3 Ne4 21. Ng3
1/2-1/2